000 00777cam a2200241 a 4500
001 000010054
005 20200929161824.0
008 910201s1991 sp 001 p spa
020 _a8487095305
040 _aDO-SdBNP
_bspa
_cDLC
_dBNPHU
082 _a861.64
_bP191c, 1991
100 1 _aPanero, Leopoldo María,
_d1948-
_q(Leopoldo María Panero Blanc)
_925026
245 1 0 _aContra España y otros poemas no de amor /
_cLeopoldo María Panero.
250 _a2a ed.
260 _aMadrid, (España) :
_bLibertarias,
_c1991.
300 _a62 p. ;
_c20 cm.
490 1 _aLibros del egoista
_v5
650 4 _aPoesía española
_9631
650 4 _aLiteratura española
_9632
830 0 _aLibros del egoista ;
_v5
_925028
910 _aCatalogación por copia / LC
049 _aBNGR
999 _c9813
_d9813